Life management skills I : (Record no. 336)

MARC details
000 -LEADER
fixed length control field 01308nam a2200289Ia 4500
003 - CONTROL NUMBER IDENTIFIER
control field data
005 - DATE AND TIME OF LATEST TRANSACTION
control field 20260322212015.0
008 - FIXED-LENGTH DATA ELEMENTS--GENERAL INFORMATION
fixed length control field data
020 ## - INTERNATIONAL STANDARD BOOK NUMBER
International Standard Book Number 096220224X
020 ## - INTERNATIONAL STANDARD BOOK NUMBER
International Standard Book Number 9780962202247
040 ## - CATALOGING SOURCE
Original cataloging agency XBM
Transcribing agency XBM
Modifying agency OUN
096 ## - LOCALLY ASSIGNED NLM-TYPE CALL NUMBER (OCLC)
Classification number WM 450.5 O2 K84L 1993
001 - CONTROL NUMBER
control field data
100 1# - MAIN ENTRY--PERSONAL NAME
Personal name Korb-Khalsa, Kathy L.,
Dates associated with a name 1958-
245 10 - TITLE STATEMENT
Title Life management skills I :
Remainder of title reproducible activity handouts created for facilitators /
Statement of responsibility, etc. Kathy L. Korb-Khalsa, Stacey D. Azok & Estelle A. Leutenberg.
260 ## - PUBLICATION, DISTRIBUTION, ETC.
Place of publication, distribution, etc. Beachwood, Ohio :
Name of publisher, distributor, etc. Wellness Reproductions, Inc.,
Date of publication, distribution, etc. c1989.
300 ## - PHYSICAL DESCRIPTION
Extent 50 [i.e. 100] p. :
Other physical details ill. ;
Dimensions 28 cm.
500 ## - GENERAL NOTE
General note "A copyright-free sampler collection of-- assertion, discharge planning, emotion identification, exercise, goal setting, leisure, motivation, nutrition, problem solving, risk taking, role satisfaction, self-awareness, self-esteem, sleep, stress management, support systems, time management, values clarification."
500 ## - GENERAL NOTE
General note Pages numbered on back only.
504 ## - BIBLIOGRAPHY, ETC. NOTE
Bibliography, etc. note Includes bibliographical references and index.
650 #0 - SUBJECT ADDED ENTRY--TOPICAL TERM
Topical term or geographic name entry element Occupational therapy.
650 #0 - SUBJECT ADDED ENTRY--TOPICAL TERM
Topical term or geographic name entry element Life skills
General subdivision Activity programs.
650 #0 - SUBJECT ADDED ENTRY--TOPICAL TERM
Topical term or geographic name entry element Self-management (Psychology)
General subdivision Activity programs.
650 #0 - SUBJECT ADDED ENTRY--TOPICAL TERM
Topical term or geographic name entry element Self-help techniques
General subdivision Activity programs.
700 1# - ADDED ENTRY--PERSONAL NAME
Personal name Azok, Stacey D.
700 1# - ADDED ENTRY--PERSONAL NAME
Personal name Leutenberg, Estelle A.
Holdings
Withdrawn status Lost status Damaged status Not for loan Home library Current library Shelving location Date acquired Total checkouts Full call number Barcode Date last seen Price effective from Koha item type
        Springfield Springfield General stacks 22/03/2026   GEN BC0010346 22/03/2026 22/03/2026 Books